000
00294nam a2200121Ia 4500
008
190216s9999||||xx |||||||||||||| ||und||
100
_a
Mohammed Kutti Ki
245
0
_a
Subsidiary Rasathandram
260
_b
Kerala Bhasha Institute
_c
1988
300
_a
603p
650
_a
Chemistry
942
_c
BK
999
_c
40510
_d
40510